[Event "Cape Town Masters"]
[Site "Cape Town"]
[Date "2025.01.06"]
[Round "2"]
[White "Samuels, Ethan"]
[Black "Palmer, Jesse"]
[Result "1/2-1/2"]
[WhiteElo "2025"]
[BlackElo "1704"]
[PlyCount "90"]
[EventDate "2025.01.06"]
[EventType "swiss"]
[EventRounds "9"]
[EventCountry "RSA"]
[SourceTitle "CB03_2025"]
[SourceDate "2025.01.15"]
[SourceVersion "1"]
[SourceVersionDate "2025.01.15"]
[SourceQuality "1"]

1. Nc3 b6 2. d4 Bb7 3. e4 e6 4. Nf3 Bb4 5. Bd3 Nf6 6. Qe2 d5 7. exd5 Nxd5 8. Bd2 Bxc3 9. bxc3 Qd6 10. Qe5 Qxe5+ 11. Nxe5 f6 12. Nf3 Kf7 13. 0-0 Nd7 14. Be4 Ba6 15. Rfe1 Rae8 16. a4 Bc4 17. a5 b5 18. Bd3 Bxd3 19. cxd3 Ne7 20. c4 bxc4 21. dxc4 c5 22. dxc5 Nxc5 23. Be3 Rc8 24. Rab1 Rhd8 25. h3 Rd7 26. Rb5 Nd3 27. Rd1 Nf5 28. Rb3 Nxe3 29. Rdxd3 Rxd3 30. Rxd3 Nxc4 31. Rd7+ Kg6 32. Rxa7 Rc5 33. a6 Ra5 34. Rc7 Nd6 35. Rc6 Ne4 36. Rxe6 Nc5 37. Re7 Nxa6 38. Nh4+ Kh6 39. g4 g6 40. Rf7 Nc5 41. Nf3 Ne4 42. Re7 Ng5 43. Nxg5 fxg5 44. Kg2 Ra6 45. Re5 Ra7 1/2-1/2

[Event "Kimberley Extravaganza op"]
[Site "Kimberley"]
[Date "2024.09.29"]
[Round "9"]
[White "Braaf, Jiraan"]
[Black "Samuels, Ethan"]
[Result "1/2-1/2"]
[WhiteElo "1909"]
[BlackElo "1979"]
[PlyCount "151"]
[EventDate "2024.09.25"]
[EventType "swiss"]
[EventRounds "9"]
[EventCountry "RSA"]
[SourceTitle "EXT 2025"]
[Source "ChessBase"]
[SourceDate "2024.10.14"]
[SourceVersion "1"]
[SourceVersionDate "2024.10.14"]
[SourceQuality "1"]

1. e4 c5 2. Nc3 Nc6 3. g3 g6 4. Bg2 Bg7 5. Nge2 e6 6. 0-0 Nge7 7. d3 0-0 8. Be3 Nd4 9. f4 d5 10. Rb1 Rb8 11. b4 Nxe2+ 12. Nxe2 cxb4 13. Rxb4 Qa5 14. Qb1 dxe4 15. dxe4 Nc6 16. Rb5 Qc7 17. e5 b6 18. Rb3 Bb7 19. Rc3 Qd7 20. Rd1 Qe8 21. Nd4 Nxd4 22. Rxd4 Bxg2 23. Kxg2 Rc8 24. Rxc8 Qxc8 25. Qd1 Qc6+ 26. Kh3 h6 27. Qd3 Rc8 28. Rd7 Rc7 29. Rxc7 Qxc7 30. Qd6 Qxd6 31. exd6 Kf8 32. c4 Ke8 33. c5 bxc5 34. Bxc5 a6 35. Kg4 Kd7 36. Kf3 Bf8 37. Ke4 Bxd6 38. Bd4 h5 39. Kd3 Kc6 40. Kc4 Bc7 41. Bf6 Bb6 42. h3 Bf2 43. g4 hxg4 44. hxg4 Bg3 45. Bg5 Kd6 46. Kd4 Bf2+ 47. Ke4 f5+ 48. gxf5 gxf5+ 49. Kd3 Kd5 50. Bf6 Bc5 51. Be5 Ba3 52. Bc7 Bb2 53. Bb8 e5 54. fxe5 Bxe5 55. Ba7 f4 56. Bb6 Bd6 57. Ke2 Ke4 58. Ba7 f3+ 59. Kf2 Be7 60. Bb6 Ba3 61. Kf1 Be7 62. Ba7 a5 63. a4 Bb4 64. Bb6 Bc3 65. Bd8 Kf4 66. Bc7+ Kg4 67. Bb6 Kg3 68. Bc7+ Kg4 69. Bb6 Kf4 70. Bc7+ Ke4 71. Bb6 Kd3 72. Kf2 Ke4 73. Kf1 Kf4 74. Bc7+ Ke3 75. Bb6+ Kd3 76. Kf2 1/2-1/2

[Event "RSA-ch op"]
[Site "Durban"]
[Date "2024.07.06"]
[Round "10"]
[White "Danisa, Cyril T"]
[Black "Samuels, Ethan"]
[Result "0-1"]
[WhiteElo "1846"]
[BlackElo "1943"]
[PlyCount "62"]
[EventDate "2024.06.29"]
[EventType "swiss"]
[EventRounds "11"]
[EventCountry "RSA"]
[SourceTitle "EXT 2025"]
[Source "ChessBase"]
[SourceDate "2024.10.14"]
[SourceVersion "1"]
[SourceVersionDate "2024.10.14"]
[SourceQuality "1"]

1. e4 c5 2. Nc3 Nc6 3. f4 g6 4. Nf3 Bg7 5. Bb5 Nd4 6. Bc4 e6 7. e5 d6 8. Nxd4 cxd4 9. Ne4 dxe5 10. Bb5+ Bd7 11. Nd6+ Ke7 12. fxe5 Bxe5 13. Bxd7 Bxd6 14. Ba4 Qa5 15. Bb3 Qe5+ 16. Qe2 Qxe2+ 17. Kxe2 Kf8 18. Rf1 Kg7 19. g3 Ne7 20. d3 h5 21. Rf2 Rac8 22. Bd2 Rc5 23. Raf1 Rf5 24. c3 Rxf2+ 25. Rxf2 Nf5 26. Kd1 Be5 27. Re2 Bf6 28. Bc4 Rc8 29. Kc2 dxc3 30. Bxc3 Bxc3 31. bxc3 b5 0-1

[Event "RSA-ch op"]
[Site "Durban"]
[Date "2024.06.30"]
[Round "3"]
[White "Ncemu, Aviwe"]
[Black "Samuels, Ethan"]
[Result "0-1"]
[WhiteElo "1762"]
[BlackElo "1943"]
[PlyCount "180"]
[EventDate "2024.06.29"]
[EventType "swiss"]
[EventRounds "11"]
[EventCountry "RSA"]
[SourceTitle "EXT 2025"]
[Source "ChessBase"]
[SourceDate "2024.10.14"]
[SourceVersion "1"]
[SourceVersionDate "2024.10.14"]
[SourceQuality "1"]

1. d4 Nf6 2. g3 g6 3. Bg2 Bg7 4. e4 d6 5. Ne2 0-0 6. 0-0 e5 7. Bg5 h6 8. Be3 Nc6 9. d5 Ne7 10. c4 Ng4 11. Bd2 f5 12. f3 Nf6 13. Nbc3 c6 14. Qc1 Kh7 15. h3 cxd5 16. cxd5 Bd7 17. Be3 b5 18. a3 a5 19. Qd2 g5 20. b4 a4 21. Qd3 f4 22. Bf2 Qe8 23. g4 h5 24. Bb6 Qb8 25. Bf2 Ng6 26. Rfc1 Nh4 27. Bxh4 gxh4 28. Nd1 Qb6+ 29. Nf2 Bh6 30. Kf1 hxg4 31. hxg4 Rac8 32. Rxc8 Rxc8 33. Rc1 Rf8 34. Rc3 Ne8 35. Ng1 Bg5 36. Ngh3 Bd8 37. Ng1 Kg7 38. Bh3 Bg5 39. Ne2 Nc7 40. Qc2 Na8 41. Nd3 Qb8 42. Nb2 Bd8 43. Qd2 Bb6 44. Qe1 Qd8 45. Nd1 Ba7 46. Qd2 Nc7 47. Qc2 Ne8 48. Nf2 Bb6 49. Kg2 Qg5 50. Kf1 Nf6 51. Rc7 Bxc7 52. Qxc7 Rf7 53. Qxd6 Ne8 54. Qb8 Qe7 55. Nd3 Nd6 56. Kf2 Nc4 57. Nexf4 exf4 58. Nxf4 Qe5 59. Qxe5+ Nxe5 60. Nh5+ Kh6 61. Ke3 Nxf3 62. Nf4 Ne5 63. Kd4 Nf3+ 64. Ke3 Ng5 65. Bf1 Re7 66. Bg2 Kg7 67. Nh5+ Kf7 68. Kf4 h3 69. Bh1 Nxe4 70. Bxe4 Bxg4 71. Ng3 Bd7 72. d6 Re6 73. Bd5 Kf6 74. Nh5+ Kg6 75. Bxe6 Bxe6 76. Ng3 Bd7 77. Ne4 Kf7 78. Kg3 Ke6 79. Kf4 h2 80. Nf2 Bc6 81. d7 Kxd7 82. Ke5 h1Q 83. Nxh1 Bxh1 84. Kf4 Kd6 85. Ke3 Kd5 86. Kd3 Bg2 87. Kc3 Bf1 88. Kb2 Kc4 89. Kc2 Bh3 90. Kb2 Kd3 0-1

[Event "RSA-ch op"]
[Site "Durban"]
[Date "2024.06.29"]
[Round "1"]
[White "Jack, Azile"]
[Black "Samuels, Ethan"]
[Result "1/2-1/2"]
[WhiteElo "1662"]
[BlackElo "1943"]
[PlyCount "76"]
[EventDate "2024.06.29"]
[EventType "swiss"]
[EventRounds "11"]
[EventCountry "RSA"]
[SourceTitle "EXT 2025"]
[Source "ChessBase"]
[SourceDate "2024.10.14"]
[SourceVersion "1"]
[SourceVersionDate "2024.10.14"]
[SourceQuality "1"]

1. d4 Nf6 2. Bf4 d5 3. Nf3 e6 4. e3 Bd6 5. Bg5 h6 6. Bh4 c5 7. c3 Nbd7 8. Nbd2 Qb6 9. Qc2 0-0 10. Be2 Qc7 11. dxc5 Qxc5 12. 0-0 Qc7 13. e4 Nxe4 14. Nxe4 dxe4 15. Qxe4 Nc5 16. Qe3 Bf4 17. Bg3 e5 18. Bxf4 exf4 19. Qd4 Bg4 20. h3 Rad8 21. Qb4 a5 22. Qa3 Bh5 23. b4 axb4 24. cxb4 Ne4 25. Rac1 Qb6 26. Qa5 Qxa5 27. bxa5 Rd5 28. Rc4 Re8 29. Bd1 Rxa5 30. Re1 Nd6 31. Rxe8+ Nxe8 32. Rxf4 Rxa2 33. Bb3 Ra1+ 34. Kh2 g5 35. Rf5 Nd6 36. Rf6 Bxf3 37. Rxd6 Bc6 38. Rxh6 Kg7 1/2-1/2

[Event "Cape Town op"]
[Site "Cape Town"]
[Date "2024.01.06"]
[Round "7"]
[White "Samuels, Ethan"]
[Black "Kleinsmidt, Cherwin"]
[Result "1-0"]
[WhiteElo "1843"]
[BlackElo "1884"]
[PlyCount "125"]
[EventDate "2024.01.03"]
[EventType "swiss"]
[EventRounds "9"]
[EventCountry "RSA"]
[SourceTitle "EXT 2025"]
[Source "ChessBase"]
[SourceDate "2024.10.14"]
[SourceVersion "1"]
[SourceVersionDate "2024.10.14"]
[SourceQuality "1"]

1. d4 Nf6 2. Nc3 d6 3. e4 c6 4. f4 g6 5. Nf3 Bg7 6. Bd3 b5 7. e5 dxe5 8. dxe5 Nd5 9. Nxd5 Qxd5 10. Qe2 Bf5 11. Bxf5 gxf5 12. 0-0 0-0 13. Rd1 Qe6 14. Be3 Na6 15. a4 Nc7 16. Nd4 Qg6 17. axb5 cxb5 18. Nxb5 Nxb5 19. Qxb5 Rab8 20. Qd3 Rxb2 21. Rxa7 Qc6 22. Rd2 e6 23. Ra6 Qb7 24. Rd6 Qb4 25. Rb6 Qxb6 26. Bxb6 Rxb6 27. Qd7 Rfb8 28. Qc7 R6b7 29. Rd8+ Rxd8 30. Qxd8+ Bf8 31. Kf1 Rb4 32. g3 Rc4 33. Qd3 Rc5 34. c4 Rc8 35. Ke2 Ra8 36. Qb3 Ra3 37. Qb5 Ra2+ 38. Kd3 Rxh2 39. c5 Rg2 40. c6 Rxg3+ 41. Ke2 Rc3 42. Qb7 Bh6 43. c7 Bxf4 44. c8Q+ Rxc8 45. Qxc8+ Kg7 46. Qc3 Bg5 47. Kf3 h6 48. Qd4 Kg6 49. Qd7 Kg7 50. Ke2 Bf4 51. Qd4 Bg5 52. Kd3 Kg6 53. Kc4 f6 54. Kc5 f4 55. exf6 Kf5 56. Kd6 Bxf6 57. Qd3+ Kg4 58. Kxe6 Bg5 59. Ke5 f3 60. Ke4 f2 61. Qf3+ Kh4 62. Qxf2+ Kh3 63. Kf3 1-0

[Event "RSA-chT Regions"]
[Site "Boksburg"]
[Date "2020.01.12"]
[Round "7.1"]
[White "Masiya, Mfundo"]
[Black "Samuels, Ethan"]
[Result "1-0"]
[WhiteElo "1960"]
[BlackElo "1855"]
[PlyCount "69"]
[EventDate "2020.01.09"]
[EventType "team-swiss"]
[EventRounds "7"]
[EventCountry "RSA"]
[SourceTitle "CBM 194 Extra"]
[Source "ChessBase"]
[SourceDate "2020.03.31"]
[SourceVersion "1"]
[SourceVersionDate "2020.03.31"]
[SourceQuality "1"]
[WhiteTeam "GTP Open II"]
[BlackTeam "Western Province Youth"]
[WhiteTeamCountry "RSA"]
[BlackTeamCountry "RSA"]

1. e4 c5 2. Nf3 Nc6 3. Bb5 g6 4. Bxc6 bxc6 5. 0-0 Bg7 6. Re1 Nh6 7. c3 0-0 8. d4 cxd4 9. cxd4 d5 10. e5 f6 11. e6 Nf5 12. Nc3 Nd6 13. b3 Ne8 14. Na4 Nc7 15. Nc5 Na6 16. Ba3 Nxc5 17. Bxc5 Bh6 18. g3 Qc7 19. Qc2 Ba6 20. h4 Kg7 21. Kg2 Rae8 22. h5 Bc8 23. hxg6 hxg6 24. Qe2 f5 25. Qe5+ Qxe5 26. Nxe5 Bxe6 27. Nxc6 Kf7 28. f4 Bg7 29. Nxa7 Bd7 30. a4 Bf6 31. b4 Ra8 32. b5 Rfb8 33. b6 e6 34. Reb1 Rb7 35. a5 1-0

[Event "RSA-chT U20"]
[Site "Boksburg"]
[Date "2020.01.07"]
[Round "6.1"]
[White "Samuels, Ethan"]
[Black "Khumalo, Keith"]
[Result "1/2-1/2"]
[WhiteElo "1855"]
[BlackElo "2150"]
[PlyCount "73"]
[EventDate "2020.01.04"]
[EventType "team-tourn"]
[EventRounds "7"]
[EventCountry "RSA"]
[SourceTitle "CBM 194 Extra"]
[Source "ChessBase"]
[SourceDate "2020.03.31"]
[SourceVersion "1"]
[SourceVersionDate "2020.03.31"]
[SourceQuality "1"]
[WhiteTeam "Western Province U20"]
[BlackTeam "Tshwane Chess U20"]
[WhiteTeamCountry "RSA"]
[BlackTeamCountry "RSA"]

1. e4 e6 2. d3 d5 3. Nd2 Nc6 4. Ngf3 Nf6 5. g3 dxe4 6. dxe4 e5 7. Bg2 Bc5 8. 0-0 0-0 9. c3 a5 10. Qc2 Qe7 11. a4 Rd8 12. Nc4 b6 13. Ne3 Bxe3 14. Bxe3 h6 15. h3 Be6 16. Nh4 Bc4 17. Nf5 Qe6 18. Rfd1 Rxd1+ 19. Qxd1 Rd8 20. Qe1 Bd3 21. f3 Ne7 22. g4 Nxf5 23. gxf5 Qe7 24. Qg3 Kh7 25. Qh4 Re8 26. Kh2 Bc2 27. Bf1 Nd5 28. Qxe7 Nxe7 29. Bc4 f6 30. b3 Rd8 31. Rc1 Bd1 32. Kg3 Rd6 33. Kf2 g6 34. Be6 gxf5 35. exf5 Rd3 36. Bc4 Rd6 37. Be6 1/2-1/2

[Event "RSA-chT U20"]
[Site "Boksburg"]
[Date "2020.01.04"]
[Round "2.1"]
[White "Samuels, Ethan"]
[Black "Ngcongo, Minenhle"]
[Result "1/2-1/2"]
[WhiteElo "1855"]
[BlackElo "1622"]
[PlyCount "52"]
[EventDate "2020.01.04"]
[EventType "team-tourn"]
[EventRounds "7"]
[EventCountry "RSA"]
[SourceTitle "CBM 194 Extra"]
[Source "ChessBase"]
[SourceDate "2020.03.31"]
[SourceVersion "1"]
[SourceVersionDate "2020.03.31"]
[SourceQuality "1"]
[WhiteTeam "Western Province U20"]
[BlackTeam "Ethekwini U20"]
[WhiteTeamCountry "RSA"]
[BlackTeamCountry "RSA"]

1. e4 e5 2. Nf3 Nc6 3. Bb5 a6 4. Ba4 Nf6 5. d4 exd4 6. 0-0 Be7 7. Re1 0-0 8. e5 Nd5 9. c3 Nb6 10. cxd4 Nxa4 11. Qxa4 d6 12. Nc3 dxe5 13. dxe5 Be6 14. Bf4 Qd3 15. Rad1 Qf5 16. a3 Rfd8 17. Qe4 Qxe4 18. Nxe4 h6 19. h3 Bd5 20. Rc1 Be6 21. Be3 Bd5 22. Bc5 Bxe4 23. Bxe7 Nxe7 24. Rxe4 Nc6 25. b4 Rd5 26. Rec4 Rad8 1/2-1/2

[Event "RSA-ch U16"]
[Site "Gauteng"]
[Date "2017.04.08"]
[Round "6"]
[White "Mazibuko, Khanya"]
[Black "Samuels, Ethan"]
[Result "1-0"]
[WhiteElo "1856"]
[BlackElo "1656"]
[PlyCount "43"]
[EventDate "2017.04.05"]
[EventType "swiss"]
[EventRounds "11"]
[EventCountry "RSA"]
[SourceTitle "CBM 177 Extra"]
[Source "ChessBase"]
[SourceDate "2017.04.27"]
[SourceVersion "1"]
[SourceVersionDate "2017.04.27"]
[SourceQuality "1"]

1. e4 c6 2. d4 d5 3. e5 Bf5 4. Ne2 e6 5. Ng3 Bg6 6. h4 h6 7. h5 Bh7 8. Bd3 Bxd3 9. cxd3 Ne7 10. Qg4 Nd7 11. 0-0 Qc7 12. f4 Qb6 13. Be3 Rb8 14. f5 c5 15. dxc5 Qxb2 16. fxe6 fxe6 17. Bd4 Qb4 18. a3 Qb5 19. Nc3 Qc6 20. Rab1 a6 21. Na2 a5 22. Nc3 1-0

[Event "RSA-ch U16"]
[Site "Gauteng"]
[Date "2017.04.08"]
[Round "7"]
[White "Samuels, Ethan"]
[Black "Nyathi, Musa"]
[Result "1/2-1/2"]
[WhiteElo "1656"]
[BlackElo "1385"]
[PlyCount "45"]
[EventDate "2017.04.05"]
[EventType "swiss"]
[EventRounds "11"]
[EventCountry "RSA"]
[SourceTitle "CBM 177 Extra"]
[Source "ChessBase"]
[SourceDate "2017.04.27"]
[SourceVersion "1"]
[SourceVersionDate "2017.04.27"]
[SourceQuality "1"]

1. e4 d6 2. d4 Nf6 3. Nc3 g6 4. f4 Bg7 5. Nf3 0-0 6. Be2 Nc6 7. 0-0 Bg4 8. Be3 e5 9. dxe5 Bxf3 10. exf6 Bxe2 11. Qxe2 Bxf6 12. Rad1 Qe7 13. Nd5 Qd8 14. f5 Be5 15. f6 Qd7 16. Qf3 h5 17. Bh6 Rfe8 18. c3 Rac8 19. h3 Kh7 20. Qe3 Rg8 21. Bg7 Rxg7 22. fxg7 Kxg7 23. Qg5 1/2-1/2

[Event "RSA-ch U16"]
[Site "Gauteng"]
[Date "2017.04.07"]
[Round "4"]
[White "Khumalo, Keith"]
[Black "Samuels, Ethan"]
[Result "1/2-1/2"]
[WhiteElo "1720"]
[BlackElo "1656"]
[PlyCount "47"]
[EventDate "2017.04.05"]
[EventType "swiss"]
[EventRounds "11"]
[EventCountry "RSA"]
[SourceTitle "CBM 177 Extra"]
[Source "ChessBase"]
[SourceDate "2017.04.27"]
[SourceVersion "1"]
[SourceVersionDate "2017.04.27"]
[SourceQuality "1"]

1. Nf3 f5 2. d4 Nf6 3. c4 e6 4. Nc3 Be7 5. d5 0-0 6. dxe6 dxe6 7. Qxd8 Rxd8 8. Bf4 c6 9. a3 Nbd7 10. e3 Nc5 11. Bg5 h6 12. Bh4 g5 13. Bg3 Nce4 14. Bc7 Re8 15. Nxe4 Nxe4 16. Bd3 Nc5 17. Bc2 Bf6 18. Be5 Bxe5 19. Nxe5 Nd7 20. Nxd7 Bxd7 21. 0-0-0 Rad8 22. Rd6 Bc8 23. Rhd1 Rxd6 24. Rxd6 1/2-1/2

[Event "RSA-ch U16"]
[Site "Gauteng"]
[Date "2017.04.05"]
[Round "1"]
[White "Samuels, Ethan"]
[Black "Leslie Smith, Lance"]
[Result "1/2-1/2"]
[WhiteElo "1656"]
[BlackElo "1318"]
[PlyCount "32"]
[EventDate "2017.04.05"]
[EventType "swiss"]
[EventRounds "11"]
[EventCountry "RSA"]
[SourceTitle "CBM 177 Extra"]
[Source "ChessBase"]
[SourceDate "2017.04.27"]
[SourceVersion "1"]
[SourceVersionDate "2017.04.27"]
[SourceQuality "1"]

1. e4 c5 2. Nc3 Nc6 3. f4 d6 4. Nf3 g6 5. Bb5 Bg7 6. d3 e6 7. 0-0 Nge7 8. Qe1 0-0 9. Bxc6 Nxc6 10. Kh1 Nd4 11. Qf2 a5 12. Nd1 b5 13. c3 Nxf3 14. Qxf3 Bb7 15. Qe2 f5 16. Nf2 Qb6 1/2-1/2

[Event "RSA-chT U16"]
[Site "Cape Town"]
[Date "2016.01.04"]
[Round "1.9"]
[White "Samuels, Ethan"]
[Black "Taylor, Navan"]
[Result "1-0"]
[WhiteElo "1500"]
[BlackElo "969"]
[PlyCount "101"]
[EventDate "2016.01.04"]
[EventType "team-tourn"]
[EventRounds "7"]
[EventCountry "RSA"]
[SourceTitle "CBM 170 Extra"]
[Source "ChessBase"]
[SourceDate "2016.02.25"]
[SourceVersion "1"]
[SourceVersionDate "2016.02.25"]
[SourceQuality "1"]
[WhiteTeam "Western Province"]
[BlackTeam "Nelson Mandela Bay"]
[WhiteTeamCountry "RSA"]
[BlackTeamCountry "RSA"]

1. e4 c5 2. Nc3 e6 3. g3 d5 4. exd5 exd5 5. d4 Nc6 6. dxc5 Bxc5 7. Qxd5 Qxd5 8. Nxd5 Bd6 9. Be3 Be6 10. 0-0-0 Nge7 11. Bg2 0-0 12. Ne2 Rad8 13. Nxe7+ Bxe7 14. a3 a6 15. Nf4 Bg4 16. Rxd8 Rxd8 17. h3 Bc8 18. Nd5 b5 19. Re1 Be6 20. Nf4 Rc8 21. Bd2 Bf5 22. Bxc6 Kf8 23. Be4 Bxe4 24. Rxe4 Bg5 25. Bb4+ Kg8 26. Kd1 Rd8+ 27. Ke2 Bxf4 28. Rxf4 g5 29. Re4 Kg7 30. Bc3+ Kg6 31. g4 f5 32. Re6+ Kf7 33. Rf6+ Ke7 34. Rxf5 Kd7 35. Rd5+ Ke8 36. Rxd8+ Kxd8 37. Bf6+ Ke8 38. Bxg5 Kf7 39. f4 Kg6 40. h4 h6 41. Bxh6 Kxh6 42. h5 a5 43. c3 Kh7 44. g5 Kg7 45. f5 Kh7 46. f6 Kg8 47. g6 Kh8 48. h6 Kg8 49. Ke3 Kh8 50. f7 b4 51. f8Q# 1-0